000 01193nam a22003617a 4500
003 CHAP
005 20220329134033.0
008 971013s1967 r 00010 d
010 _a14460
011 _a15432
035 _a19508
040 _cCHAP
090 _aTesis
100 0 0 _aHernández Hernández, Margarita.
_954152
245 _aHibridación natural en tres especies del género Pinus
260 _aMéxico, D.F. :
_bEl Autor,
_c1967
300 _aPag. Varía
502 _aTesis (Biólogo) -- UNAM. Fac. de Ciencias. Depto. de Biología
590 _aALEPH
_b10
_c20130110
_lUCH01
_h1236
590 _aBATCH-UPD
_b10
_c20130109
_lUCH01
_h2325
590 _aBATCH-UPD
_b10
_c20130110
_lUCH01
_h0154
590 _aBATCH-UPD
_b10
_c20130110
_lUCH01
_h2055
590 _aBATCH-UPD
_b10
_c20130409
_lUCH01
_h1849
590 _aBATCH-UPD
_b10
_c20130409
_lUCH01
_h2156
590 _aBATCH-UPD
_b10
_c20130410
_lUCH01
_h1408
590 _aBATCH-UPD
_b10
_c20130914
_lUCH01
_h1609
590 _aCONVERSION
_b10
_c20130109
_lUCH01
_h1309
650 1 4 _aHibridación.
_955143
650 1 4 _aPináceas
_xGenética.
_988237
901 _aBK
942 _cTESIS
949 _bBC
_cTES
_d-45406
_eTS1
_i19508
_si
999 _c14460
_d14460